[Event "BL 2223 (Women)"]
[Site "Germany"]
[Date "2023.03.11"]
[Round "7.6"]
[White "Tammert, Iamze"]
[Black "Fetahovic, Sarah"]
[Result "1/2-1/2"]
[WhiteElo "2294"]
[BlackElo "1294"]
[PlyCount "66"]
[EventDate "2022.10.15"]
[EventType "team-tourn"]
[EventRounds "11"]
[EventCountry "GER"]
[SourceTitle "CBM 213 Extra"]
[Source "ChessBase"]
[SourceDate "2023.05.31"]
[SourceVersion "1"]
[SourceVersionDate "2023.05.31"]
[SourceQuality "1"]
[WhiteTeam "Baden-Baden (W)"]
[BlackTeam "Solingen (W)"]
[WhiteTeamCountry "GER"]
[BlackTeamCountry "GER"]

1. c4 e5 2. Nc3 Nf6 3. g3 Bb4 4. Bg2 d6 5. Qa4+ Nc6 6. Bxc6+ bxc6 7. Qxb4 0-0 8. d3 h6 9. Nf3 Re8 10. 0-0 Bg4 11. Ne4 Nh5 12. c5 f5 13. Nc3 Qd7 14. cxd6 cxd6 15. Kg2 f4 16. Ng1 g5 17. f3 Be6 18. Ne4 c5 19. Qe1 Kf7 20. g4 Nf6 21. Nxf6 Kxf6 22. b4 h5 23. h3 hxg4 24. fxg4 Bxg4 25. Rf3 Bxf3+ 26. exf3 Rac8 27. bxc5 Rxc5 28. Qb4 Rec8 29. Bd2 Rb5 30. Qa4 Rb7 31. Qxd7 Rxd7 32. Kf2 Rc2 33. Ke1 Rb7 1/2-1/2

[Event "Oberliga Baden 2223"]
[Site "Germany"]
[Date "2023.02.05"]
[Round "6.5"]
[White "Wielsch, Klaus"]
[Black "Tammert, Iamze"]
[Result "1/2-1/2"]
[WhiteElo "2141"]
[BlackElo "2294"]
[PlyCount "27"]
[EventDate "2022.09.18"]
[EventType "team-tourn"]
[EventRounds "9"]
[EventCountry "GER"]
[SourceTitle "EXT 2024"]
[Source "ChessBase"]
[SourceDate "2023.10.10"]
[SourceVersion "1"]
[SourceVersionDate "2023.10.10"]
[SourceQuality "1"]
[WhiteTeam "Brombach"]
[BlackTeam "Baden-Baden III"]
[WhiteTeamCountry "GER"]
[BlackTeamCountry "GER"]

1. d4 Nf6 2. c4 e6 3. Nf3 d5 4. Nc3 Be7 5. Bg5 h6 6. Bh4 dxc4 7. e3 a6 8. a4 c5 9. dxc5 Qa5 10. Bxc4 Qxc5 11. Qe2 Nc6 12. 0-0 0-0 13. Rfd1 b6 14. Rac1 1/2-1/2

[Event "BL 2122 (Women)"]
[Site "Germany"]
[Date "2022.05.27"]
[Round "4.6"]
[White "Tammert, Iamze"]
[Black "Grabowski, Petra"]
[Result "1-0"]
[WhiteElo "2302"]
[BlackElo "1635"]
[PlyCount "73"]
[EventDate "2021.11.27"]
[EventType "team-tourn"]
[EventRounds "11"]
[EventCountry "GER"]
[SourceTitle "EXT 2023"]
[Source "ChessBase"]
[SourceDate "2022.10.05"]
[SourceVersion "1"]
[SourceVersionDate "2022.10.05"]
[SourceQuality "1"]
[WhiteTeam "Baden-Baden (W)"]
[BlackTeam "Lehrte (W)"]
[WhiteTeamCountry "GER"]
[BlackTeamCountry "GER"]

1. c4 c5 2. Nc3 Nc6 3. g3 Nf6 4. Bg2 e5 5. d3 d6 6. e3 g6 7. Nge2 Bg7 8. 0-0 0-0 9. Nd5 Ne7 10. Nxf6+ Bxf6 11. d4 Nf5 12. dxc5 dxc5 13. Nc3 Rb8 14. Qa4 a6 15. Rd1 Qe8 16. Qa3 Be6 17. Qxc5 Rc8 18. Qb6 Rxc4 19. Qxb7 Bc8 20. Qd5 Be6 21. Qa5 Qc8 22. Ne4 Bd8 23. Qe1 Rc2 24. b3 Bb6 25. Bd2 Ne7 26. Bb4 Qc7 27. Bd6 Qa7 28. Bxe5 f5 29. Ng5 Bc8 30. Rdc1 Rxc1 31. Qxc1 Bb7 32. Qc4+ Bd5 33. Bxd5+ Nxd5 34. Qxd5+ Rf7 35. Rc1 Qd7 36. Rc8+ Bd8 37. Rxd8+ 1-0

[Event "BL 2122 (Women)"]
[Site "Germany"]
[Date "2022.05.26"]
[Round "3.6"]
[White "Dartmann Aubanell, Catriona"]
[Black "Tammert, Iamze"]
[Result "0-1"]
[WhiteElo "1874"]
[BlackElo "2302"]
[PlyCount "28"]
[EventDate "2021.11.27"]
[EventType "team-tourn"]
[EventRounds "11"]
[EventCountry "GER"]
[SourceTitle "EXT 2023"]
[Source "ChessBase"]
[SourceDate "2022.10.05"]
[SourceVersion "1"]
[SourceVersionDate "2022.10.05"]
[SourceQuality "1"]
[WhiteTeam "Hemer (W)"]
[BlackTeam "Baden-Baden (W)"]
[WhiteTeamCountry "GER"]
[BlackTeamCountry "GER"]

1. e4 c5 2. Nf3 Nf6 3. e5 Nd5 4. c3 e6 5. d4 cxd4 6. cxd4 Nc6 7. Bc4 d6 8. 0-0 Be7 9. Bd2 0-0 10. Qe2 Qb6 11. Nc3 Nxd4 12. Nxd4 Qxd4 13. Nxd5 exd5 14. Bd3 Bg4 0-1

[Event "Oberliga Baden 2122"]
[Site "Germany"]
[Date "2022.05.01"]
[Round "4.3"]
[White "Duschek, Volker"]
[Black "Tammert, Iamze"]
[Result "1-0"]
[WhiteElo "2278"]
[BlackElo "2299"]
[PlyCount "65"]
[EventDate "2021.10.10"]
[EventType "team-tourn"]
[EventRounds "11"]
[EventCountry "GER"]
[SourceTitle "EXT 2023"]
[Source "ChessBase"]
[SourceDate "2022.10.05"]
[SourceVersion "1"]
[SourceVersionDate "2022.10.05"]
[SourceQuality "1"]
[WhiteTeam "Karlsruhe"]
[BlackTeam "Baden-Baden III"]
[WhiteTeamCountry "GER"]
[BlackTeamCountry "GER"]

1. e4 c5 2. Nf3 Nf6 3. e5 Nd5 4. Nc3 Nc7 5. d4 cxd4 6. Qxd4 Nc6 7. Qe4 e6 8. Bf4 Bb4 9. Bc4 b5 10. Bb3 Bb7 11. 0-0 Bxc3 12. bxc3 Qc8 13. Rfe1 h6 14. Rad1 Ne7 15. Qd3 Ncd5 16. Bd2 Ba6 17. Nd4 Rb8 18. Qg3 g6 19. h4 Qc5 20. h5 gxh5 21. Qh4 Nxc3 22. Bxc3 Qxc3 23. Re3 Qc5 24. Bxe6 dxe6 25. Nxe6 Qxc2 26. Red3 fxe6 27. Qxh5+ Kf8 28. Rf3+ Nf5 29. Rd7 Rh7 30. Rxh7 Rb7 31. Qxh6+ Ke8 32. Qxe6+ Kd8 33. Qg8# 1-0

[Event "BL 2122 (Women)"]
[Site "Germany"]
[Date "2022.04.10"]
[Round "8.6"]
[White "Schuster, Rebekka"]
[Black "Tammert, Iamze"]
[Result "0-1"]
[WhiteElo "1830"]
[BlackElo "2302"]
[PlyCount "80"]
[EventDate "2021.11.27"]
[EventType "team-tourn"]
[EventRounds "11"]
[EventCountry "GER"]
[SourceTitle "EXT 2023"]
[Source "ChessBase"]
[SourceDate "2022.10.05"]
[SourceVersion "1"]
[SourceVersionDate "2022.10.05"]
[SourceQuality "1"]
[WhiteTeam "Loeberitz (W)"]
[BlackTeam "Baden-Baden (W)"]
[WhiteTeamCountry "GER"]
[BlackTeamCountry "GER"]

1. e4 c5 2. Nf3 Nf6 3. Nc3 d5 4. exd5 Nxd5 5. Nxd5 Qxd5 6. d4 cxd4 7. Qxd4 Qxd4 8. Nxd4 a6 9. Bf4 Bd7 10. 0-0-0 Nc6 11. Bg3 e6 12. Be2 Nxd4 13. Rxd4 Bc6 14. f3 Bc5 15. Rdd1 Ke7 16. Rhe1 h6 17. Bc4 Rhd8 18. Bc7 Rxd1+ 19. Rxd1 Rc8 20. Bg3 Bxf3 21. Bxe6 Be3+ 22. Kb1 Rc6 23. gxf3 Rxe6 24. c4 g5 25. Kc2 Bc5 26. Re1 Rxe1 27. Bxe1 f5 28. Kd3 Ke6 29. Bc3 g4 30. fxg4 fxg4 31. Ke4 Bd6 32. Bd2 Bxh2 33. Bxh6 Be5 34. b4 g3 35. Kf3 b5 36. cxb5 axb5 37. Bd2 Kd5 38. Be1 Kc4 39. Bxg3 Bxg3 40. Kxg3 Kxb4 0-1

[Event "Oberliga Baden 1920"]
[Site "Baden"]
[Date "2019.10.20"]
[Round "2.5"]
[White "Tammert, Iamze"]
[Black "Schwierskott, Marc"]
[Result "1-0"]
[WhiteElo "2272"]
[BlackElo "2133"]
[PlyCount "83"]
[EventDate "2019.09.29"]
[EventType "team-tourn"]
[EventRounds "9"]
[EventCountry "GER"]
[SourceTitle "CBM 195 Extra"]
[Source "ChessBase"]
[SourceDate "2020.05.31"]
[SourceVersion "1"]
[SourceVersionDate "2020.05.31"]
[SourceQuality "1"]
[WhiteTeam "Baden-Baden III"]
[BlackTeam "Brombach"]
[WhiteTeamCountry "GER"]
[BlackTeamCountry "GER"]

1. c4 c5 2. Nc3 Nf6 3. g3 d5 4. cxd5 Nxd5 5. Bg2 Nc7 6. d3 e5 7. Qb3 Nd7 8. Nf3 Be7 9. Nd5 Nxd5 10. Qxd5 f6 11. Nd2 Nb6 12. Qb3 Qd6 13. Qc2 0-0 14. 0-0 Bg4 15. Ne4 Qc7 16. Be3 Rac8 17. Rfc1 Be6 18. Nxc5 Nd7 19. Nxe6 Qxc2 20. Rxc2 Rxc2 21. Nxf8 Kxf8 22. Bxb7 Rxb2 23. Bc6 Nb6 24. a4 a5 25. Rc1 Bd6 26. Bb5 Nd5 27. Bc5 Ke7 28. Bxd6+ Kxd6 29. Rc6+ Ke7 30. e4 Nb4 31. Rc7+ Kf8 32. Ra7 Rd2 33. Kf1 h5 34. Rxa5 Ke7 35. Ra7+ Kd6 36. Rxg7 Kc5 37. Rf7 Rd1+ 38. Ke2 Rh1 39. h4 Ra1 40. Rxf6 Ra2+ 41. Kf1 Kd4 42. Rh6 1-0

[Event "BL 1819 (Women)"]
[Site "Germany"]
[Date "2019.03.01"]
[Round "9.5"]
[White "Tammert, Iamze"]
[Black "Mader, Manuela"]
[Result "0-1"]
[WhiteElo "2310"]
[BlackElo "2200"]
[PlyCount "114"]
[EventDate "2018.10.27"]
[EventType "team-tourn"]
[EventRounds "11"]
[EventCountry "GER"]
[SourceTitle "CBM 189 Extra"]
[Source "ChessBase"]
[SourceDate "2019.06.03"]
[SourceVersion "1"]
[SourceVersionDate "2019.06.03"]
[SourceQuality "1"]
[WhiteTeam "Baden-Baden (W)"]
[BlackTeam "Karlsruhe (W)"]
[WhiteTeamCountry "GER"]
[BlackTeamCountry "GER"]

1. c4 Nf6 2. Nc3 g6 3. g3 Bg7 4. Bg2 0-0 5. e4 d6 6. Nge2 Nc6 7. 0-0 e5 8. d3 a6 9. h3 Nd4 10. f4 Rb8 11. Nxd4 exd4 12. Ne2 c5 13. g4 h6 14. Qe1 b5 15. b3 bxc4 16. bxc4 Re8 17. Qf2 Qe7 18. Ng3 Bxg4 19. hxg4 Nxg4 20. Qf3 Qh4 21. Rd1 Nh2 22. Qf2 Ng4 23. Qe1 Qh2+ 24. Kf1 Bf6 25. Nh1 Ne3+ 26. Bxe3 dxe3 27. Qg3 Qxg3 28. Nxg3 Bxa1 29. Rxa1 Rb2 30. Re1 Rxa2 31. Rxe3 Rb8 32. Ne2 Rb1+ 33. Kf2 Rbb2 34. e5 dxe5 35. Rxe5 a5 36. Bf3 h5 37. Kg3 Rd2 38. Re3 a4 39. f5 a3 40. fxg6 fxg6 41. Nf4 Ra1 42. Bd5+ Kh7 43. Re7+ Kh6 44. Bg8 Rg1+ 45. Kf3 Rf1+ 46. Kg3 h4+ 47. Kg4 Rg1+ 48. Kf3 Rg3+ 49. Ke4 a2 50. Ra7 Kg5 51. Ne6+ Kg4 52. Nxc5 Rg1 53. Nb3 Rb2 54. c5 h3 55. Be6+ Kg3 56. Rxa2 Rxa2 57. Nd4 h2 0-1

[Event "BL 1819 (Women)"]
[Site "Germany"]
[Date "2019.02.09"]
[Round "7.5"]
[White "Tammert, Iamze"]
[Black "Schenk, Stefanie"]
[Result "1-0"]
[WhiteElo "2310"]
[BlackElo "2096"]
[PlyCount "51"]
[EventDate "2018.10.27"]
[EventType "team-tourn"]
[EventRounds "11"]
[EventCountry "GER"]
[SourceTitle "CBM 189 Extra"]
[Source "ChessBase"]
[SourceDate "2019.06.03"]
[SourceVersion "1"]
[SourceVersionDate "2019.06.03"]
[SourceQuality "1"]
[WhiteTeam "Baden-Baden (W)"]
[BlackTeam "Bayern Muenchen (W)"]
[WhiteTeamCountry "GER"]
[BlackTeamCountry "GER"]

1. c4 c5 2. Nc3 Nc6 3. g3 g6 4. Bg2 Bg7 5. Nf3 Nf6 6. d4 cxd4 7. Nxd4 0-0 8. 0-0 Nxd4 9. Qxd4 d6 10. Qh4 Rb8 11. Bg5 Re8 12. Rac1 Bd7 13. Rfd1 Qc8 14. b3 Bc6 15. e4 Qc7 16. b4 Qb6 17. a3 a5 18. c5 dxc5 19. b5 Bxe4 20. Nxe4 Nxe4 21. Qxe4 Qxb5 22. Rb1 Qa6 23. Rxb7 Rxb7 24. Qxb7 Qe2 25. Bf3 Qe5 26. Qd7 1-0

[Event "BL 1819 (Women)"]
[Site "Germany"]
[Date "2019.01.12"]
[Round "5.6"]
[White "Tammert, Iamze"]
[Black "Waechter, Nathalie"]
[Result "1-0"]
[WhiteElo "2310"]
[BlackElo "1990"]
[PlyCount "59"]
[EventDate "2018.10.27"]
[EventType "team-tourn"]
[EventRounds "11"]
[EventCountry "GER"]
[SourceTitle "CBM 188 Extra"]
[Source "ChessBase"]
[SourceDate "2019.02.26"]
[SourceVersion "1"]
[SourceVersionDate "2019.02.26"]
[SourceQuality "1"]
[WhiteTeam "Baden-Baden (W)"]
[BlackTeam "Harksheide (W)"]
[WhiteTeamCountry "GER"]
[BlackTeamCountry "GER"]

1. c4 e6 2. Nf3 d5 3. e3 Nf6 4. b3 c5 5. Bb2 Nc6 6. d4 b6 7. cxd5 exd5 8. Ne5 Bb7 9. Bb5 Qc7 10. Nc3 a6 11. Bxc6+ Bxc6 12. Nxc6 Qxc6 13. dxc5 Bxc5 14. 0-0 0-0 15. Ne2 Rad8 16. Bd4 Rfe8 17. Rc1 Qd6 18. Qd3 Ng4 19. g3 Qh6 20. h4 Bxd4 21. Nxd4 Nxe3 22. Rc6 Rd6 23. Rxd6 Qxd6 24. Re1 Qa3 25. Rxe3 Rc8 26. Nf5 Rf8 27. Qd4 f6 28. Qxd5+ Kh8 29. Qb7 Rg8 30. Re8 1-0

[Event "BL 1819 (Women)"]
[Site "Germany"]
[Date "2018.11.18"]
[Round "4.4"]
[White "Mai, Iris"]
[Black "Tammert, Iamze"]
[Result "1-0"]
[WhiteElo "2011"]
[BlackElo "2310"]
[PlyCount "75"]
[EventDate "2018.10.27"]
[EventType "team-tourn"]
[EventRounds "11"]
[EventCountry "GER"]
[SourceTitle "CBM 188 Extra"]
[Source "ChessBase"]
[SourceDate "2019.02.26"]
[SourceVersion "1"]
[SourceVersionDate "2019.02.26"]
[SourceQuality "1"]
[WhiteTeam "Pankow Rotation (W)"]
[BlackTeam "Baden-Baden (W)"]
[WhiteTeamCountry "GER"]
[BlackTeamCountry "GER"]

1. d4 Nf6 2. Nf3 b6 3. g3 Bb7 4. Bg2 e6 5. 0-0 c5 6. e3 d5 7. Nbd2 Nc6 8. c3 Qc7 9. Re1 Be7 10. b3 cxd4 11. exd4 0-0 12. Bb2 Rfd8 13. Rc1 Rac8 14. Qe2 Qb8 15. Ng5 h6 16. Nh3 Bd6 17. f4 Qc7 18. Nf2 Ne7 19. Ng4 Nxg4 20. Qxg4 Nf5 21. Bf1 Bf8 22. Bd3 Nd6 23. Qe2 Bc6 24. Rf1 Qd7 25. Nf3 Bb5 26. Ne5 Bxd3 27. Qxd3 Qb5 28. Qc2 Qa5 29. a4 Nf5 30. Qd3 a6 31. g4 Nd6 32. f5 exf5 33. gxf5 Ne4 34. Ng4 Rc6 35. f6 g6 36. Ne5 Rxf6 37. Rxf6 Nxf6 38. Nc6 1-0

[Event "BL 1819 (Women)"]
[Site "Germany"]
[Date "2018.11.17"]
[Round "3.4"]
[White "Tammert, Iamze"]
[Black "Manusina, Nicole"]
[Result "1-0"]
[WhiteElo "2310"]
[BlackElo "1948"]
[PlyCount "35"]
[EventDate "2018.10.27"]
[EventType "team-tourn"]
[EventRounds "11"]
[EventCountry "GER"]
[SourceTitle "CBM 188 Extra"]
[Source "ChessBase"]
[SourceDate "2019.02.26"]
[SourceVersion "1"]
[SourceVersionDate "2019.02.26"]
[SourceQuality "1"]
[WhiteTeam "Baden-Baden (W)"]
[BlackTeam "Lehrte (W)"]
[WhiteTeamCountry "GER"]
[BlackTeamCountry "GER"]

1. Nf3 d5 2. d4 Nf6 3. c4 dxc4 4. Qa4+ Nbd7 5. Nc3 e6 6. e4 Be7 7. Bxc4 0-0 8. Qc2 Nb6 9. Bd3 h6 10. 0-0 Bd7 11. Qe2 c5 12. e5 Nfd5 13. Bxh6 Bc6 14. Qe4 Nf6 15. Qh4 gxh6 16. exf6 Nd5 17. Nxd5 Qxd5 18. Qxh6 1-0

[Event "Oberliga Baden 1718"]
[Site "Baden"]
[Date "2018.02.25"]
[Round "7.6"]
[White "Tammert, Iamze"]
[Black "Nabavi, Parwis"]
[Result "1-0"]
[WhiteElo "2313"]
[BlackElo "2207"]
[PlyCount "115"]
[EventDate "2017.10.08"]
[EventType "team-tourn"]
[EventRounds "9"]
[EventCountry "GER"]
[SourceTitle "EXT 2019"]
[Source "ChessBase"]
[SourceDate "2018.10.10"]
[SourceVersion "1"]
[SourceVersionDate "2018.10.10"]
[SourceQuality "1"]
[WhiteTeam "Baden-Baden III"]
[BlackTeam "Dreisamtal"]
[WhiteTeamCountry "GER"]
[BlackTeamCountry "GER"]

1. c4 e6 2. g3 d5 3. Bg2 Nf6 4. Nf3 Be7 5. 0-0 0-0 6. d4 dxc4 7. Ne5 Nc6 8. Nxc6 bxc6 9. Na3 Rb8 10. Nxc4 c5 11. dxc5 Bxc5 12. Qc2 Bb7 13. Rd1 Qc8 14. Na5 Bxg2 15. Qxc5 Bd5 16. Rxd5 Nxd5 17. Nc6 Qb7 18. Nxb8 Rxb8 19. b3 Qb6 20. Qc4 Qb4 21. Qxb4 Nxb4 22. Bd2 Kf8 23. Be3 Ke8 24. Bf4 Rb7 25. Be5 f6 26. Bc3 a5 27. e4 Rb6 28. a3 Nc6 29. Rb1 a4 30. b4 Rb8 31. Kf1 Na7 32. Ke2 Nb5 33. Bb2 Rd8 34. Rc1 Kd7 35. f4 c6 36. g4 Kc7 37. Rc5 Nd4+ 38. Bxd4 Rxd4 39. Ke3 Rd1 40. b5 Ra1 41. Rxc6+ Kb7 42. Rxe6 Rxa3+ 43. Kd4 Rh3 44. Kc5 Rxh2 45. Re7+ Kc8 46. Rxg7 a3 47. Ra7 a2 48. Kd5 Rf2 49. g5 Rxf4 50. gxf6 Rxf6 51. Rxa2 Rb6 52. e5 h5 53. Rh2 Kd7 54. Kc5 Rh6 55. b6 h4 56. Kb5 Rh8 57. Rh3 Kc8 58. Ka6 1-0

[Event "BL 1718 (Women)"]
[Site "Germany"]
[Date "2017.12.17"]
[Round "5.6"]
[White "Belenkaya, Dina"]
[Black "Tammert, Iamze"]
[Result "1-0"]
[WhiteElo "2346"]
[BlackElo "2325"]
[PlyCount "121"]
[EventDate "2017.10.01"]
[EventType "team-tourn"]
[EventRounds "11"]
[EventCountry "GER"]
[SourceTitle "EXT 2019"]
[Source "ChessBase"]
[SourceDate "2018.10.10"]
[SourceVersion "1"]
[SourceVersionDate "2018.10.10"]
[SourceQuality "1"]
[WhiteTeam "Bad Koenigshofen (W)"]
[BlackTeam "Baden-Baden (W)"]
[WhiteTeamCountry "GER"]
[BlackTeamCountry "GER"]

1. e4 e6 2. d4 d5 3. Nd2 h6 4. Ngf3 Nf6 5. e5 Nfd7 6. Bd3 c5 7. c3 Nc6 8. Qe2 g5 9. h3 Qb6 10. dxc5 Qc7 11. Bb5 Bxc5 12. Nb3 Be7 13. Nbd4 a6 14. Nxc6 bxc6 15. Bd3 Nc5 16. Bc2 a5 17. c4 dxc4 18. 0-0 Ba6 19. Rd1 Nd3 20. Qe4 Bc5 21. Be3 Bxe3 22. Qxe3 Qa7 23. Qe2 Qc5 24. Ne1 Nxe5 25. Rac1 c3 26. Bd3 Nxd3 27. Nxd3 Qf5 28. Rxc3 Rd8 29. Qe3 0-0 30. b3 Rd6 31. Nb2 Rxd1+ 32. Nxd1 Rd8 33. Qc1 Rd3 34. Ne3 Qe4 35. Rxd3 Qxd3 36. Qxc6 Bb5 37. Qa8+ Kg7 38. Qxa5 f5 39. Qc7+ Kg6 40. Qc8 Qe4 41. Qg8+ Kf6 42. Qh7 Qb1+ 43. Kh2 Qxa2 44. Qxh6+ Kf7 45. Qxg5 Qxf2 46. h4 f4 47. Nc4 Bxc4 48. bxc4 e5 49. h5 f3 50. Qg3 Qd4 51. Qxf3+ Kg7 52. Qg3+ Kh7 53. Qg6+ Kh8 54. Qf6+ Kh7 55. h6 Qd7 56. Qg7+ Qxg7 57. hxg7 Kxg7 58. Kg3 Kf6 59. Kf3 Kf5 60. Ke3 e4 61. g3 1-0

[Event "BL 1617 (Women)"]
[Site "Germany"]
[Date "2017.04.29"]
[Round "9.5"]
[White "Tammert, Iamze"]
[Black "Brendel, Bergit"]
[Result "1-0"]
[WhiteElo "2293"]
[BlackElo "2086"]
[PlyCount "85"]
[EventDate "2016.10.22"]
[EventType "team-tourn"]
[EventRounds "11"]
[EventCountry "GER"]
[SourceTitle "EXT 2018"]
[Source "ChessBase"]
[SourceDate "2017.10.13"]
[SourceVersion "1"]
[SourceVersionDate "2017.10.13"]
[SourceQuality "1"]
[WhiteTeam "Baden-Baden (W)"]
[BlackTeam "Karlsruhe (W)"]
[WhiteTeamCountry "GER"]
[BlackTeamCountry "GER"]

1. c4 c5 2. Nc3 Nc6 3. Nf3 e6 4. d4 cxd4 5. Nxd4 Nf6 6. e4 Bb4 7. f3 Qa5 8. Nxc6 dxc6 9. Bd2 Qc7 10. Qe2 e5 11. Qf2 0-0 12. g4 Nd7 13. a3 Bc5 14. Be3 Bxe3 15. Qxe3 Qb6 16. Nd1 Qxe3+ 17. Nxe3 Nc5 18. Rd1 Ne6 19. Nc2 Nf4 20. Kf2 Be6 21. Ne3 Rfd8 22. Be2 Rd4 23. b3 Rad8 24. Ng2 Rxd1 25. Rxd1 Rxd1 26. Bxd1 Nxg2 27. Kxg2 c5 28. g5 f6 29. gxf6 gxf6 30. f4 Bd7 31. Kg3 Kg7 32. Bh5 Bc6 33. Kf3 f5 34. fxe5 Bxe4+ 35. Kf4 b6 36. Be8 Kf8 37. Bd7 Bc2 38. b4 Bd3 39. bxc5 bxc5 40. Bxf5 Bxc4 41. Bxh7 Be2 42. Bf5 Ke7 43. Ke3 1-0

[Event "BL 1617 (Women)"]
[Site "Germany"]
[Date "2017.03.26"]
[Round "8.4"]
[White "Manusina, Nicole"]
[Black "Tammert, Iamze"]
[Result "0-1"]
[WhiteElo "1842"]
[BlackElo "2293"]
[PlyCount "118"]
[EventDate "2016.10.22"]
[EventType "team-tourn"]
[EventRounds "11"]
[EventCountry "GER"]
[SourceTitle "EXT 2018"]
[Source "ChessBase"]
[SourceDate "2017.10.13"]
[SourceVersion "1"]
[SourceVersionDate "2017.10.13"]
[SourceQuality "1"]
[WhiteTeam "Lehrte (W)"]
[BlackTeam "Baden-Baden (W)"]
[WhiteTeamCountry "GER"]
[BlackTeamCountry "GER"]

1. d4 Nf6 2. c4 e6 3. Nc3 Bb4 4. e3 b6 5. Nf3 Bb7 6. Bd3 0-0 7. 0-0 d5 8. cxd5 exd5 9. Qc2 a6 10. a3 Bd6 11. e4 dxe4 12. Nxe4 Nxe4 13. Bxe4 Bxe4 14. Qxe4 Nd7 15. b3 Nf6 16. Qf5 Qc8 17. Qg5 Qe6 18. b4 Qd5 19. Bb2 a5 20. Qxd5 Nxd5 21. bxa5 Rxa5 22. Ne5 Ra4 23. Rfc1 Rfa8 24. Nc4 Bf4 25. Rc2 b5 26. Ne5 b4 27. Rc4 f6 28. Nd3 Bd6 29. Nc5 Bxc5 30. dxc5 bxa3 31. Rxa4 Rxa4 32. Bxa3 Nb4 33. Bb2 Rxa1+ 34. Bxa1 Kf7 35. Bc3 Na6 36. Bd4 Ke6 37. Kf1 Kd5 38. Be3 Nxc5 39. Ke2 Nd7 40. Bf4 Ne5 41. f3 Kd4 42. g4 g6 43. Bg3 c5 44. Bh4 Nd7 45. Kd2 c4 46. Bf2+ Kd5 47. h3 Ne5 48. f4 Nd3 49. Bh4 Nxf4 50. Bxf6 Ke4 51. h4 Nd5 52. Bd8 Kf4 53. h5 g5 54. Ke2 Kxg4 55. h6 Kf4 56. Ba5 Ke4 57. Bd2 g4 58. Kf2 c3 59. Bc1 Nf4 0-1

[Event "BL 1617 (Women)"]
[Site "Germany"]
[Date "2017.03.05"]
[Round "6.5"]
[White "Rogozenco, Teodora Nana"]
[Black "Tammert, Iamze"]
[Result "0-1"]
[WhiteElo "2027"]
[BlackElo "2293"]
[PlyCount "48"]
[EventDate "2016.10.22"]
[EventType "team-tourn"]
[EventRounds "11"]
[EventCountry "GER"]
[SourceTitle "EXT 2018"]
[Source "ChessBase"]
[SourceDate "2017.10.13"]
[SourceVersion "1"]
[SourceVersionDate "2017.10.13"]
[SourceQuality "1"]
[WhiteTeam "Hamburger SK (W)"]
[BlackTeam "Baden-Baden (W)"]
[WhiteTeamCountry "GER"]
[BlackTeamCountry "GER"]

1. d4 d6 2. g3 e5 3. Bg2 exd4 4. Qxd4 Nc6 5. Qa4 Nge7 6. Bd2 Be6 7. Nf3 h6 8. 0-0 Qd7 9. Qb5 0-0-0 10. Rd1 Nd5 11. c4 Nb6 12. Na3 a6 13. Qb3 d5 14. cxd5 Bxd5 15. Qc2 Bxa3 16. bxa3 Qe7 17. Be3 Qxa3 18. Bxb6 cxb6 19. Rab1 Qxa2 20. Qc3 Qxe2 21. Nd4 Qc4 22. Bh3+ Kb8 23. Qb2 Nxd4 24. Rxd4 Qc7 0-1

[Event "Oberliga Baden 1516"]
[Site "Baden"]
[Date "2016.02.21"]
[Round "7.7"]
[White "Miltner, Arndt"]
[Black "Tammert, Iamze"]
[Result "1/2-1/2"]
[WhiteElo "2295"]
[BlackElo "2281"]
[PlyCount "73"]
[EventDate "2015.09.20"]
[EventType "team-tourn"]
[EventRounds "9"]
[EventCountry "GER"]
[SourceTitle "EXT 2018"]
[Source "ChessBase"]
[SourceDate "2017.10.13"]
[SourceVersion "1"]
[SourceVersionDate "2017.10.13"]
[SourceQuality "1"]
[WhiteTeam "Buchen"]
[BlackTeam "Baden-Baden III"]
[WhiteTeamCountry "GER"]
[BlackTeamCountry "GER"]

1. Nf3 d5 2. e3 Nf6 3. c4 g6 4. d4 Bg7 5. Nbd2 0-0 6. b4 a5 7. b5 c5 8. Bb2 Ne4 9. cxd5 Nxd2 10. Qxd2 Qxd5 11. Rc1 Nd7 12. Bc4 Qh5 13. Be2 cxd4 14. Bxd4 Qh6 15. 0-0 e5 16. Bb2 e4 17. Bxg7 Qxg7 18. Nd4 Qe5 19. Rc3 Nc5 20. Rfc1 Ne6 21. Ra3 Nxd4 22. exd4 Qd6 23. Rxa5 Rxa5 24. Qxa5 Qxd4 25. Qc3 Qxc3 26. Rxc3 Be6 27. a3 Ra8 28. Kf1 Kg7 29. Ke1 Kf6 30. f3 Bd5 31. fxe4 Bxe4 32. Bf3 Bxf3 33. Rxf3+ Ke6 34. Re3+ Kd6 35. Rf3 Ke6 36. Re3+ Kd6 37. Rf3 1/2-1/2

[Event "BL 1516 (Women)"]
[Site "Germany"]
[Date "2016.01.24"]
[Round "7.6"]
[White "Tammert, Iamze"]
[Black "Steinbacher, Claudia"]
[Result "1-0"]
[WhiteElo "2281"]
[BlackElo "2119"]
[PlyCount "99"]
[EventDate "2015.09.26"]
[EventType "team-tourn"]
[EventRounds "11"]
[EventCountry "GER"]
[SourceTitle "EXT 2017"]
[Source "ChessBase"]
[SourceDate "2016.10.25"]
[SourceVersion "1"]
[SourceVersionDate "2016.10.25"]
[SourceQuality "1"]
[WhiteTeam "Baden-Baden (W)"]
[BlackTeam "Rodewisch (W)"]
[WhiteTeamCountry "GER"]
[BlackTeamCountry "GER"]

1. c4 d6 2. d4 e5 3. Nc3 exd4 4. Qxd4 Nc6 5. Qd2 Nf6 6. b3 Bf5 7. f3 h6 8. e4 Bh7 9. Bd3 Ne5 10. Bc2 c6 11. Bb2 Qc7 12. Nge2 Be7 13. 0-0-0 0-0-0 14. Qe3 Kb8 15. h3 Rhe8 16. Rd2 Ned7 17. Rhd1 Nb6 18. Qf2 Nc8 19. f4 Nd7 20. Ba3 Bg8 21. Nd4 g6 22. Nf3 Qa5 23. Bb2 Nc5 24. a3 Ne6 25. g3 Qb6 26. Qe2 g5 27. Na4 Qc7 28. f5 Nc5 29. Nxc5 dxc5 30. Be5 Bd6 31. Bf6 Be7 32. Be5 Bd6 33. Bg7 Bxg3 34. Rxd8 Rxd8 35. Rxd8 Qxd8 36. e5 Bf4+ 37. Kb2 h5 38. Bf6 Qd7 39. Qe4 Nb6 40. Bxg5 Bxg5 41. Nxg5 Qd4+ 42. Qxd4 cxd4 43. Bd1 Nd7 44. e6 fxe6 45. fxe6 Nf6 46. e7 Kc7 47. Ne4 Ne8 48. Bxh5 Kd7 49. Bxe8+ Kxe8 50. Nf6+ 1-0